Pharmacology condensed / (Record no. 24130)
[ view plain ]
| 000 -LEADER | |
|---|---|
| fixed length control field | 00977cam a22002895a 4500 |
| 001 - CONTROL NUMBER | |
| control field | 9158816 |
| 005 - DATE AND TIME OF LATEST TRANSACTION | |
| control field | 20170213114436.0 |
| 008 - FIXED-LENGTH DATA ELEMENTS--GENERAL INFORMATION | |
| fixed length control field | 080924r20162009enka fr 001 0 eng d |
| 020 ## - INTERNATIONAL STANDARD BOOK NUMBER | |
| International Standard Book Number | 9780443067730 (pbk.) |
| 020 ## - INTERNATIONAL STANDARD BOOK NUMBER | |
| International Standard Book Number | 0443067732 (pbk.) |
| 040 ## - CATALOGING SOURCE | |
| Original cataloging agency | UKM |
| Transcribing agency | UKM |
| Modifying agency | CtY-M |
| -- | EG-ScBUE |
| Language of cataloging | eng |
| 082 04 - DEWEY DECIMAL CLASSIFICATION NUMBER | |
| Edition number | 22 |
| Classification number | 615.1 |
| Item number | DAL |
| 100 1# - MAIN ENTRY--PERSONAL NAME | |
| Personal name | Dale, M. Maureen. |
| 245 10 - TITLE STATEMENT | |
| Title | Pharmacology condensed / |
| Statement of responsibility, etc | M. M. Dale, D. G. Haylett. |
| 250 ## - EDITION STATEMENT | |
| Edition statement | 2nd ed., Reprint ed. |
| 260 ## - PUBLICATION, DISTRIBUTION, ETC. (IMPRINT) | |
| Place of publication, distribution, etc | [London] : |
| Name of publisher, distributor, etc | Churchill Livingstone / Elsevier, |
| Date of publication, distribution, etc | 2016. |
| 300 ## - PHYSICAL DESCRIPTION | |
| Extent | 127 p. : |
| Other physical details | ill. ; |
| Dimensions | 28 cm. |
| 500 ## - GENERAL NOTE | |
| General note | Companion v. to: Pharmacology / H.P. Rang ... [et al.], 6th ed. 2007. |
| 500 ## - GENERAL NOTE | |
| General note | Reprinted of the 2009 edition. |
| 500 ## - GENERAL NOTE | |
| General note | Includes index. |
| 650 #0 - SUBJECT ADDED ENTRY--TOPICAL TERM | |
| Topical term or geographic name as entry element | Pharmacology |
| Form subdivision | Handbooks, manuals, etc. |
| Source of heading or term | BUEsh |
| 653 ## - INDEX TERM--UNCONTROLLED | |
| Resource For college | Pharmacy |
| Arrived date list | February2017 |
| 690 #4 - LOCAL SUBJECT ADDED ENTRY--TOPICAL TERM (OCLC, RLIN) | |
| Topical term or geographic name as entry element | United States Medical Licensing Examination (USMLE). |
| 690 #4 - LOCAL SUBJECT ADDED ENTRY--TOPICAL TERM (OCLC, RLIN) | |
| Topical term or geographic name as entry element | Medical Board Review. |
| 700 1# - ADDED ENTRY--PERSONAL NAME | |
| Personal name | Haylett, D. G. |
| 942 ## - ADDED ENTRY ELEMENTS (KOHA) | |
| Source of classification or shelving scheme | Dewey Decimal Classification |
| Withdrawn status | Item status | Source of classification or shelving scheme | Damaged status | Not for loan | Vendor | Home library | Current library | Shelving location | Date acquired | Source of acquisition | Cost, normal purchase price | Total Checkouts | Total Renewals | Full call number | Barcode | Date last seen | Date last borrowed | Cost, replacement price | Koha item type | Checked out |
|---|---|---|---|---|---|---|---|---|---|---|---|---|---|---|---|---|---|---|---|---|
| Dewey Decimal Classification | Baccah | Central Library | Central Library | First floor | 13/02/2017 | Purchase | 720.00 | 3 | 51 | 615.1 DAL | 000045423 | 15/07/2025 | 18/10/2022 | 900.00 | Book - Borrowing | |||||
| Dewey Decimal Classification | Baccah | Central Library | Central Library | First floor | 13/02/2017 | Purchase | 1 | 98 | 615.1 DAL | 000045424 | 01/10/2024 | 01/10/2024 | Book - Borrowing | 18/05/2026 | ||||||
| Dewey Decimal Classification | Baccah | Central Library | Central Library | First floor | 13/02/2017 | Purchase | 2 | 2 | 615.1 DAL | 000045425 | 15/07/2025 | 22/01/2025 | Book - Borrowing |